| 000 | 00702nam a2200229Ia 4500 | ||
|---|---|---|---|
| 999 |
_c45191 _d45191 |
||
| 001 | 12014 | ||
| 003 | GE_BSU | ||
| 005 | 20221121121047.0 | ||
| 008 | 181216s2002en xx |||||||||||||| ||eng|| | ||
| 020 | _a03339066454 | ||
| 040 | _cGE_BSU | ||
| 041 | _aeng | ||
| 080 | _a821.111-31 B-71 | ||
| 100 |
_aBogarde,Rupert _915957 |
||
| 245 |
_aDaybreak into darkness : _bA true story of happiness and heartbreak / _cRupert Bogarde. |
||
| 264 |
_aLondon : _bMacmillan, _c2002. |
||
| 300 |
_a390 p; _b24 cm. |
||
| 653 | _aDaybreak into darkness | ||
| 653 | _aგათენება სიბნელეში | ||
| 653 | _aმხატვრული ლიტერატურა | ||
| 942 |
_cBK _2udc |
||